Best Known US Cities Starting with Each Letter - Statistics

General Stats
  • This quiz has been taken 105 times
  • The average score is 16 of 26
Answer Stats
Hint Answer Percentage Known % Correct
N New York 90.8%
96%
B Boston 79.1%
94%
L Los Angeles 88.3%
92%
D Dallas 80.3%
91%
C Chicago 84.1%
88%
A Atlanta 74.8%
87%
H Houston 79.9%
87%
S San Francisco 82.2%
87%
I Indianapolis 61.8%
85%
M Miami 82.8%
81%
P Portland 75.3%
81%
W Washington 72.4%
81%
O Orlando 64.6%
80%
J Jacksonville 56.5%
74%
K Kansas City 66.5%
67%
E El Paso 54.0%
58%
F Fort Worth 48.2%
46%
V Virginia Beach 26.1%
45%
Q Quincy 7.2%
37%
R Reno 50.7%
34%
U Utica 14.3%
22%
X Xenia 1.9%
22%
Z Zion 3.4%
22%
T Topeka 65.5%
17%
Y York 16.7%
15%
G Green Bay 37.6%
12%
No matching quizzes found
Score Distribution
Percent of People with Each Score
Percentile by Number Answered
Your Score History
You have not taken this quiz